000 00305nam a2200121Ia 4500
008 191201s2011 xx 000 0 und d
100 _aMURDICK, Robert G
245 0 _aInformation Systems for Modern Management
260 _aN. Delhi
_bPHI
_c2011
300 _a465
650 _aB.Tech(ME)
942 _2ddc
_cBK
999 _c6438
_d6438